02076cam a22004574i 4500003000900000005001700009008004100026020001500067035002700082040003300109049000900142082002100151100004000172245012100212264006800333300003800401336002100439337002500460338002300485504002800508505040800536526001000944526001000954526001000964526001000974526000800984526000800992526000801000526000801008526000801016526000801024526000801032630006001040942001401100949012401114994001401238596000601252999014901258980005501407952015601462PE-LiUPU20250731173025.0150623s r 000 0 d a1563382423 a(Sirsi) i9781563382420 aPE-LiUPUbspacPE-LiUPUerda aPRUA04a226.406bM692211 aMoessner, David P.,d1949-,eautor.10aLord of the banquet :bthe literary and theological significance of the Lukan travel narrative /cDavid P. Moessner. 1aHarrisburg, Pennsylvania :bTrinity Press International,c1989. a372 páginas ;c23 centímetros atext2rdacontent aunmediated2rdamedia avolume2rdacarrier aIncluye bibliografía.0 aThe problem expanded: dissonance of form from content (Luke 9:51 - 19:44). -The preview of the journey of the prophet like moses of Deuteronomy (Luke 9:1-50). -The Deuteronomistic view of Israel's prophetic history and the central section of Luke. -Jesus the Deuteronomistic rejected prophet as the prophet like Moses of Deuteronomy. -Conclusions: the significance of the travek narrative in Luke-Acts. aSEG42 aSEG41 aSEG40 aSEG39 aP94 aP87 aP86 aP85 aP77 aP76 aP35 aBiblia.pN.T.pLucasxCrítica, interpretación, etc. 2ddccBOOK a226.406 M69wDEWEYc1i47897lCCODEBUL1mBULr0sYtBOOKu2015-6-24xTEOLOGIAPP350COMPRAo.STAFF. Colección General aC0bPEPRU a1 a226.406 M69wDEWEYc24370i47897f2021-11-9g5lCCODEBUL1mBULr0sYtBOOKu2015-6-24xTEOLOGIAPP350COMPRAo.STAFF. Colección Generald24370 81gALBERTO SANCHEZ Responsable de Automatización r2025-12-02 00:00:00i6l0o226.406 M69p47897te1w2015-06-24xFTyBKzinventario-2023-12-13102ddc50708GENfP35aBULbBULcGENd2015-06-24eCOMPRA